| 000 | 00000nam 2200000zi 4500 |
| 001 | 9.934215 |
| 003 | CaOODSP |
| 005 | 20240821134721 |
| 006 | m o d f |
| 007 | cr cn||||||||| |
| 008 | 240220s2024####onc o f000 0 tgl d |
| 020 | |a9780660704029 |
| 020 | |z9780660703947 |
| 040 | |aCaOODSP|beng|erda|cCaOODSP |
| 043 | |an-cn--- |
| 086 | 1 |aCi4-204/2024Tgl-PDF |
| 086 | 1 |zCi4-204/2024E-PDF |
| 245 | 00|aAno ang open work permit para sa mga bulnerableng manggagawa? |
| 250 | |a[Tagalog edition]. |
| 264 | 1|a[Ottawa] : |bImmigration, Refugees and Citizenship Canada = Immigration, réfugiés et citoyenneté Canada, |c[2024] |
| 300 | |a1 online resource (1 page) |
| 336 | |atext|btxt|2rdacontent |
| 337 | |acomputer|bc|2rdamedia |
| 338 | |aonline resource|bcr|2rdacarrier |
| 500 | |aIssued also in English under title: What is the open work permit for vulnerable workers? |
| 500 | |a"IRCC 3668-07-2024." |
| 500 | |aIncorrect catalogue number (Ci4-204/2024E-PDF) and ISBN (9780660703947) printed in this publication. |
| 546 | |aText in Tagalog. |
| 650 | 0|aForeign workers|xAbuse of|xGovernment policy|zCanada. |
| 650 | 0|aForeign workers|xEmployment|xGovernment policy|zCanada. |
| 710 | 1 |aCanada. |bImmigration, Refugees and Citizenship Canada, |eissuing body. |
| 775 | 08|tWhat is the open work permit for vulnerable workers?|w(CaOODSP)9.934202 |
| 792 | |tAno ang open work permit para sa mga bulnerableng manggagawa?|efre|w(CaOODSP)9.934749 |
| 795 | |t[Ano ang open work permit for vulnerable workers?].|w(CaOODSP)9.884857 |
| 856 | 40|qPDF|s70 KB|uhttps://publications.gc.ca/collections/collection_2024/ircc/Ci4-204-2024-tgl.pdf |